Hong Kong 1981 census

Enregistré dans:
Détails bibliographiques
Format: Livre
Langue:anglais
Publié: Hong Kong Census and Statistics Department 1982
Tags: Ajouter un tag
Pas de tags, Soyez le premier à ajouter un tag!

MARC

LEADER 00000nam a2200000 4500
001 c138815
005 20041019155314.2
041 0 |a eng 
044 |a GB 
245 1 0 |a Hong Kong 1981  |b census 
264 1 |a Hong Kong  |b Census and Statistics Department  |c 1982 
300 |a 49 s.